Từ mỹ học đến các loại hình nghệ thuật

Tallennettuna:
Bibliografiset tiedot
Päätekijä: Diderot, Denis 1713-1784
Muut tekijät: Phùng Văn Tửu (giới thiệu, tuyển chọn và dịch)
Aineistotyyppi: Kirja
Kieli:Vietnamese
French
Julkaistu: H. Tri thức 2016
Painos:Tái bản lần thứ 2
Sarja:Tủ sách tinh hoa tri thức thế giới.
Aiheet:
Tagit: Lisää tagi
Ei tageja, Lisää ensimmäinen tagi!
Thư viện lưu trữ: Mạng thư viện Đại học Đà Nẵng
LEADER 01324nam a2200361 4500
001 000025372
003 21865
005 20171005151059.0
008 171005s2016 viesd
020 |a 978-604-908-751-6  |c 130000 
041 1 |a vie  |h fre 
082 1 4 |a 701.17  |b DI-D 
100 1 |a Diderot, Denis  |d 1713-1784 
245 1 0 |a Từ mỹ học đến các loại hình nghệ thuật  |c Denis Diderot ; Phùng Văn Tửu giới thiệu, tuyển chọn và dịch. 
246 |a Từ mĩ học đến các loại hình nghệ thuật 
250 |a Tái bản lần thứ 2 
260 |a H.  |b Tri thức  |c 2016 
300 |a 536 tr.  |b mh.  |c 20 cm. 
490 |a Tủ sách tinh hoa tri thức thế giới. 
650 0 4 |a Mỹ học 
650 0 4 |a Nghệ thuật 
653 |a Mĩ học 
700 1 |a Phùng Văn Tửu  |e giới thiệu, tuyển chọn và dịch 
OWN |a LSP 
AVA |a UDN50  |b LSP  |d 701.17 DI-D  |e available  |t Error 5001 Not defined in file expand_doc_bib_avail.  |f 3  |g 0  |h N  |i 0  |k 1 
999 |a From the UDN01 
AVA |a UDN50  |b LSP  |d 701.17 DI-D  |e available  |t Error 5001 Not defined in file expand_doc_bib_avail.  |f 3  |g 0  |h N  |i 0  |k 1 
TYP |a Monograph 
TYP |a Printed language 
980 |a Mạng thư viện Đại học Đà Nẵng